Greatest military generals ever - Statistics

General Stats
  • This quiz has been taken 304 times
  • The average score is 5 of 15
Answer Stats
Hint Answer % Correct
1804-1814, French Napoleon
94%
1807-1870, Confederate army lee
55%
247-183 BC, Carthage Hannibal
53%
356-323 BC, Greece Alexander the Great
51%
1891-1944, Nazi party Rommel
50%
1162-1227, Mongolia Genghis Khan
48%
1885-1945, U.S. Army Patton
43%
406-453, Huns Attila the Hun
31%
236-183 BC, Rome Scipio Africanus
19%
527-565, Byzantine empire Justinian
14%
1888-1935, Arabian Bedouins Lawrence of Arabia
13%
1534-1582, Oda clan Oda Nobunaga
12%
742-814, Franks Charlemange
5%
100-54 BC, Rome Julius ceaser
4%
1861-1922, German Army Von Falkenhayn
1%
No matching quizzes found
Score Distribution
Percent of People with Each Score
Percentile by Number Answered
Your Score History
You have not taken this quiz